[Event "Superbet Varsavia Rapid 2022"]
[Site "Varsavia"]
[Date "20.05.2022"]
[Round "6R"]
[White "Wojtaszek, R"]
[Black "Caruana, F"]
[Result "1/2-1/2"]
[WhiteElo "2696"]
[BlackElo "2786"]
[EventDate "2022.05.17"]

1. d4 Nf6 2. c4 e6 3. Nf3 d5 4. g3 Bb4+ 5. Bd2 Be7 6. Bg2 O-O 7. Qc2 Nbd7
8. O-O c6 9. Bf4 a5 10. Rd1 a4 11. Ne5 Qa5 12. Nd3 b6 13. cxd5 cxd5 14. Bd2
Qa7 15. Bb4 Bxb4 16. Nxb4 Bb7 17. a3 Rfc8 18. Nc3 Qa5 19. Rac1 Nb8 20. Qd2
Nc6 21. Nca2 Nxb4 22. Nxb4 Ba6 23. Rxc8+ Rxc8 24. Rc1 Bc4 25. f3 b5 26. e4
dxe4 27. fxe4 Rd8 28. Kh1 Qb6 29. d5 Ng4 30. Bf3 Ne5 31. Bg2 Qd6 32. Qf4
Re8 33. h3 g6 34. Kh2 Kg7 35. Nc6 exd5 36. exd5 h5 37. Rc2 f6 38. Nd4 Kh7
39. Ne6 Qe7 40. Be4 Rc8 41. Rf2 Bd3 42. Bxd3 Nxd3 43. Qxf6 Qxf6 44. Rxf6
Rc2+ 45. Kg1 Rd2 46. Rf7+ Kh6 47. h4 Ne5 48. Rb7 Nf3+ 49. Kf1 Nh2+ 50. Ke1
Nf3+ 51. Kf1 Nh2+ 52. Ke1 1/2-1/2

[Event "Superbet Varsavia Rapid 2022"]
[Site "Varsavia"]
[Date "20.05.2022"]
[Round "6R"]
[White "So, W"]
[Black "Gavrilescu, D"]
[Result "1/2-1/2"]
[WhiteElo "2776"]
[BlackElo "2518"]
[EventDate "2022.05.17"]

1. c4 e6 2. Nf3 d5 3. e3 Nf6 4. Nc3 c5 5. cxd5 exd5 6. Bb5+ Nc6 7. d4 cxd4
8. exd4 Be7 9. O-O O-O 10. Ne5 Bd7 11. Re1 h6 12. Bf4 Re8 13. a3 Rc8 14. h3
a6 15. Bxc6 Bxc6 16. Re3 Bd6 17. Rg3 Kf8 18. Qd3 Ne4 19. Nxe4 dxe4 20. Qe2
Qf6 21. Bd2 Qf5 22. Rg4 Bb5 23. Qe3 g5 24. Qg3 Bxe5 25. dxe5 Qxe5 26. Qb3
Rcd8 27. Bc3 Qe6 28. Qb4+ Kg8 29. Rg3 Qc4 30. Qa5 Rd6 31. a4 Bd7 32. h4 b6
33. Qb4 Qxb4 34. Bxb4 Rd3 35. Rxd3 exd3 36. hxg5 hxg5 37. Rd1 Bf5 38. a5 b5
39. f3 f6 40. Bd2 Re2 41. Bc3 Kf7 42. Rd2 Re6 43. Kf2 Rc6 44. Ke3 Rc4 45.
Rd1 b4 46. Bd2 Ke6 47. g4 Bg6 48. b3 Rc5 49. Bxb4 Rb5 50. Bd2 Rxb3 51. Rc1
Kd7 52. Bc3 f5 53. gxf5 Bxf5 54. Bd2 g4 55. Kf4 Be6 56. fxg4 Rb2 57. Ke3
Bxg4 58. Kxd3 Rb3+ 59. Rc3 Rxc3+ 60. Bxc3 Kc6 61. Bd2 Bf5+ 62. Kd4 Bg4 63.
Bc3 Be6 64. Bd2 Bg4 65. Bc3 Be6 1/2-1/2

[Event "Superbet Varsavia Rapid 2022"]
[Site "Varsavia"]
[Date "20.05.2022"]
[Round "6R"]
[White "Anand, V"]
[Black "Duda, J"]
[Result "1/2-1/2"]
[WhiteElo "2751"]
[BlackElo "2750"]
[EventDate "2022.05.17"]

1. e4 e6 2. d4 d5 3. e5 c5 4. c3 Nc6 5. Nf3 Qb6 6. a3 c4 7. Nbd2 Na5 8. Rb1
Bd7 9. b4 cxb3 10. Nxb3 Ba4 11. Nxa5 Bxd1 12. Rxb6 axb6 13. Bb5+ Ke7 14.
Kxd1 bxa5 15. a4 f6 16. g4 Kf7 17. g5 h6 18. gxf6 gxf6 19. Rg1 Bg7 20. Ba3
fxe5 21. dxe5 Bf8 22. Bxf8 Rxf8 23. Nd4 h5 24. Ke2 Rh6 25. Bd7 Ke7 26. Bb5
Kd8 27. f4 Ne7 28. Ke3 h4 29. h3 Nf5+ 30. Nxf5 Rxf5 31. Rg7 Rh8 32. Rxb7
Rhf8 33. Rd7+ Kc8 34. Kd4 R8f7 35. Rd6 Rxf4+ 36. Kc5 Rf3 37. Rxe6 Rxc3+ 38.
Kd6 d4 39. Re8+ Kb7 40. e6 Rfc7 41. Rd8 d3 42. Ke5 d2 43. Rxd2 Rxh3 44. Kd6
Re3 45. Rb2 Rg7 46. Re2 Rxe2 47. Bxe2 h3 48. e7 Rg8 49. Kd7 Kb6 50. e8=Q
Rxe8 51. Kxe8 1/2-1/2

[Event "Superbet Varsavia Rapid 2022"]
[Site "Varsavia"]
[Date "20.05.2022"]
[Round "6R"]
[White "Shevchenko, K"]
[Black "Aronian, L"]
[Result "1/2-1/2"]
[WhiteElo "2644"]
[BlackElo "2765"]
[EventDate "2022.05.17"]

1. e4 e5 2. Nf3 Nc6 3. Bb5 a6 4. Ba4 Nf6 5. Nc3 d6 6. Bxc6+ bxc6 7. d4 Nd7
8. O-O a5 9. b3 Be7 10. Re1 O-O 11. Ba3 f6 12. Na4 Nb6 13. Nxb6 cxb6 14. c4
Qe8 15. Qd3 Kh8 16. Rad1 Bg4 17. h3 Bh5 18. g4 Bf7 19. Nh4 g6 20. Ng2 Rd8
21. f4 b5 22. cxb5 cxb5 23. Bb2 Qc6 24. d5 Qb6+ 25. Kh1 Rc8 26. Rf1 Be8 27.
g5 Bd7 28. Qg3 Kg8 29. gxf6 Bxf6 30. fxe5 dxe5 31. Bxe5 Bxe5 32. Qxe5 Bxh3
33. d6 Rf2 34. Nf4 Bg4 35. Qd5+ Kg7 36. Ne6+ Bxe6 37. Qxe6 Rcf8 38. Qe5+
Kg8 39. Qd5+ Kg7 40. Qe5+ Kg8 41. Qd5+ Kg7 42. Qe5+ Kg8 43. Qe6+ 1/2-1/2

[Event "Superbet Varsavia Rapid 2022"]
[Site "Varsavia"]
[Date "21.05.2022"]
[Round "7R"]
[White "Aronian, L"]
[Black "Korobov, A"]
[Result "1-0"]
[WhiteElo "2765"]
[BlackElo "2671"]
[EventDate "2022.05.17"]

1. e4 c5 2. Nf3 d6 3. Bc4 Nf6 4. d3 e6 5. a4 Be7 6. O-O O-O 7. Nbd2 Nc6 8.
Re1 a6 9. c3 Rb8 10. Bb3 b5 11. axb5 axb5 12. d4 b4 13. dxc5 bxc3 14. bxc3
dxc5 15. Nc4 Qxd1 16. Bxd1 Bb7 17. Bf4 Ra8 18. Rb1 Ra7 19. Nfd2 Rd8 20. f3
h6 21. Be2 g5 22. Bg3 Nh5 23. Bf2 Nf4 24. Bf1 Nd3 25. Bxd3 Rxd3 26. Rec1
Ne5 27. h3 Nxc4 28. Nxc4 f6 29. Rb6 Kf7 30. Bg3 Bxe4 31. Bb8 Ra4 32. Nb2
Ra2 33. fxe4 Rd2 34. Rb1 e5 35. Rb7 Ke6 36. Kh1 h5 37. Nc4 Rxg2 38. Bxe5
fxe5 39. R1b6+ Kf7 40. Nxe5+ Kg8 41. Rxe7 Rh2+ 42. Kg1 1-0

[Event "Superbet Varsavia Rapid 2022"]
[Site "Varsavia"]
[Date "21.05.2022"]
[Round "7R"]
[White "Duda, J"]
[Black "Shevchenko, K"]
[Result "1/2-1/2"]
[WhiteElo "2750"]
[BlackElo "2644"]
[EventDate "2022.05.17"]

1. d4 Nf6 2. c4 c6 3. Nf3 d5 4. e3 Bf5 5. Nc3 a6 6. Ne5 Nbd7 7. Qb3 Qc7 8.
cxd5 Nxe5 9. dxe5 Nxd5 10. Nxd5 cxd5 11. Bd2 Qxe5 12. Qxb7 Rb8 13. Qxa6
Qxb2 14. Rc1 Bd7 15. Bd3 e6 16. Ke2 Bb4 17. Rc2 Qe5 18. Bxb4 Rxb4 19. Qa3
Qb8 20. Qc3 O-O 21. Qc7 Ba4 22. Qxb8 Rfxb8 23. Rd2 Rb2 24. Rc1 Rxd2+ 25.
Kxd2 Rb2+ 26. Ke1 g5 27. a3 Ra2 28. Rc8+ Kg7 29. Ra8 Ra1+ 30. Kd2 Ra2+ 31.
Ke1 Rxa3 32. Bc2 Ra1+ 33. Kd2 Rf1 34. Bxa4 Rxf2+ 35. Ke1 Rxg2 36. Be8 f5
37. Bd7 Rxh2 38. Bxe6 f4 39. exf4 gxf4 40. Bxd5 Kf6 41. Bf3 Ke5 42. Re8+
Kf5 43. Kf1 h6 44. Bg2 Rh5 45. Kf2 Rg5 46. Bh3+ Kf6 47. Re4 Ra5 48. Rxf4+
Kg5 49. Rg4+ Kf6 50. Bg2 Rg5 51. Rh4 Rf5+ 52. Bf3 Kg5 53. Rh5+ Kg6 54. Rh1
Rc5 55. Kg3 Ra5 56. Rb1 Kg5 57. Rb8 Kg6 58. Rd8 Rc5 59. Be4+ Kf6 60. Kf4 h5
61. Rd6+ Ke7 62. Rh6 Ra5 63. Bf5 Ra4+ 64. Kg5 h4 65. Re6+ Kd8 66. Rc6 Ke7
67. Rh6 Rb4 68. Bg4 Rd4 69. Kf5 Rd5+ 70. Ke4 Ra5 71. Bf5 Rb5 72. Kf4 Ra5
73. Re6+ Kd8 74. Rc6 Ke7 75. Kg5 h3 76. Rh6 Ra1 77. Rxh3 Kd6 78. Kf6 Rd1
79. Rh8 Rd4 80. Ra8 Kd5 81. Rc8 Kd6 82. Rd8+ Kc5 83. Re8 Kd6 84. Be4 Kd7
85. Re7+ Kd6 86. Re5 Kd7 87. Kf5 Rd1 88. Ra5 Kd6 89. Ra6+ Kd7 90. Ke5 Rc1
91. Rh6 Re1 92. Rh7+ Ke8 93. Kd5 Kf8 94. Ra7 Re2 95. Bf5 Re7 96. Ra6 Kf7
97. Be6+ Kf6 98. Rb6 Ra7 99. Kd6 Ra4 100. Rc6 Rb4 101. Ra6 Rh4 102. Ra8
Rd4+ 103. Bd5 Rf4 104. Rg8 Rf5 105. Be6 Rf4 106. Kd5 Ra4 107. Rf8+ Kg7 108.
Rf1 Ra5+ 109. Kd6 Kg6 110. Bd5 Rb5 111. Ke5 Ra5 112. Rg1+ Kh5 113. Ke4 Kh6
114. Rd1 Kg5 115. Ke5 Rb5 116. Ra1 Kg4 117. Ra8 Kg5 118. Rf8 Ra5 119. Rb8
Kg4 120. Rg8+ Kh5 121. Rg2 Rb5 122. Ke6 Kh4 123. Rg1 Ra5 124. Rd1 Kg3 125.
Rd4 Ra1 126. Kf5 Rf1+ 127. Kg5 1/2-1/2

[Event "Superbet Varsavia Rapid 2022"]
[Site "Varsavia"]
[Date "21.05.2022"]
[Round "7R"]
[White "Caruana, F"]
[Black "So, W"]
[Result "1/2-1/2"]
[WhiteElo "2786"]
[BlackElo "2776"]
[EventDate "2022.05.17"]

1. e4 e5 2. Nf3 Nc6 3. Bb5 Nf6 4. d3 Bc5 5. c3 O-O 6. O-O d6 7. h3 Ne7 8.
Ba4 Ng6 9. Re1 Bb6 10. Nbd2 c6 11. Bc2 Re8 12. d4 Bc7 13. a4 h6 14. Nf1 d5
15. exd5 e4 16. d6 Qxd6 17. N3d2 Bf5 18. g4 Bd7 19. Nxe4 Nxe4 20. Bxe4 Nh4
21. Bd2 Be6 22. Re3 Qd7 23. Bh1 Bd5 24. f3 Ng6 25. Bg2 Nf4 26. Qc2 h5 27.
Qf5 Be6 28. Qg5 f6 29. Qh4 g5 30. Qf2 Bc4 31. Rae1 Kf7 32. Bc1 Bd5 33. Qc2
Kf8 34. Rxe8+ Rxe8 35. Rxe8+ Qxe8 36. Ne3 hxg4 37. hxg4 Bf7 38. Bf1 Bg6 39.
Qf2 Qe6 40. Nf5 Bxf5 41. gxf5 Qxf5 42. Bxf4 Qxf4 43. Qe2 a5 44. Bh3 Bd6 45.
Kf1 Kg7 46. Kg1 c5 47. dxc5 Bxc5+ 48. Kg2 Bd6 49. Kf1 Qxa4 50. Qd2 Qb5+ 51.
Kg2 Qe5 52. Kf1 b6 53. Bg4 Kh6 54. Qd3 Qh2 55. Qd4 Kg6 56. Qe4+ Kg7 57.
Qb7+ Bc7 58. Qe4 Qd6 59. Ke2 Qc5 60. Kd1 Bf4 61. Kc2 Qd6 62. Qb7+ Kf8 63.
Qc8+ Ke7 64. Qb7+ Qc7 65. Qxc7+ Bxc7 66. Kd3 Kd6 67. Ke4 Kc5 68. Be6 Be5
69. Kd3 Kd6 70. Bf7 f5 71. Be8 g4 72. fxg4 fxg4 73. Bh5 g3 74. Bf3 Kc5 75.
Bg2 a4 76. Bf3 Bg7 77. Bg2 Bf8 78. Kc2 Bg7 79. Kd3 b5 80. Kc2 b4 81. cxb4+
Kxb4 82. Bf3 Bf6 83. Bg2 Bg7 84. Bf3 Kc4 85. Bg2 Kd4 86. Kd2 Bh6+ 87. Ke2
Be3 88. Kf3 Bf2 89. Bh3 Kc4 90. Bd7 Kb3 91. Kg2 Kxb2 92. Bxa4 1/2-1/2

[Event "Superbet Varsavia Rapid 2022"]
[Site "Varsavia"]
[Date "21.05.2022"]
[Round "7R"]
[White "Rapport, R"]
[Black "Wojtaszek, R"]
[Result "1-0"]
[WhiteElo "2776"]
[BlackElo "2696"]
[EventDate "2022.05.17"]

1. e4 c5 2. Nf3 d6 3. Bd3 Nf6 4. O-O g6 5. c3 Bg7 6. Bb5+ Bd7 7. Qe2 Bxb5
8. Qxb5+ Qd7 9. Qe2 Qc6 10. Re1 Qa6 11. Qd1 O-O 12. d4 e6 13. Bf4 Nbd7 14.
Nbd2 Rfe8 15. h3 Rac8 16. Be3 cxd4 17. cxd4 Nb6 18. b3 Qd3 19. Bf4 Bf8 20.
a4 Nbd7 21. Re3 Qc2 22. Qxc2 Rxc2 23. Nc4 e5 24. Bg5 d5 25. exd5 Nxd5 26.
Nfxe5 Nxe3 27. Nxe3 Rxe5 28. dxe5 Rc5 29. Bf4 Bg7 30. Rd1 Bxe5 31. Bh6 Nf8
32. Nc4 Ne6 33. Be3 Bd4 34. Rxd4 Nxd4 35. Bxd4 Rd5 36. Bxa7 1-0

[Event "Superbet Varsavia Rapid 2022"]
[Site "Varsavia"]
[Date "21.05.2022"]
[Round "8R"]
[White "Korobov, A"]
[Black "Wojtaszek, R"]
[Result "0-1"]
[WhiteElo "2671"]
[BlackElo "2696"]
[EventDate "2022.05.17"]

1. e4 c5 2. Nf3 d6 3. d4 cxd4 4. Nxd4 Nf6 5. Nc3 a6 6. Be2 e5 7. Nb3 Be7 8.
O-O O-O 9. Kh1 Nc6 10. f4 b5 11. Bf3 Bb7 12. Qe1 Nd4 13. Nxd4 exd4 14. Nd1
Re8 15. Nf2 Bf8 16. Qd1 Nxe4 17. Qxd4 d5 18. Nd3 Rc8 19. c3 Qh4 20. Kg1 Nc5
21. Nf2 Ne6 22. Qd2 Bc5 23. Kh1 Bd6 24. Nd3 Ng5 25. Ne1 Bxf4 26. Qxf4 Rxe1
27. Be3 Qxf4 28. Bxf4 Rxa1 29. Rxa1 Nxf3 30. gxf3 d4 31. cxd4 Bxf3+ 32. Kg1
Rc2 33. d5 g5 34. Be5 Rc5 35. Re1 Rxd5 36. Bc3 h6 37. Kf2 Bg4 38. Re8+ Kh7
39. a3 Be6 40. Bb4 Rf5+ 41. Ke3 g4 42. Ra8 Rf3+ 43. Ke4 Rf2 44. Bd6 Re2+
45. Kd3 Rxb2 46. Rxa6 h5 47. Ke3 h4 48. Ra8 Rb3+ 49. Kd4 g3 50. hxg3 hxg3
51. Be5 f6 52. Bf4 g2 0-1

[Event "Superbet Varsavia Rapid 2022"]
[Site "Varsavia"]
[Date "21.05.2022"]
[Round "8R"]
[White "So, W"]
[Black "Rapport, R"]
[Result "1-0"]
[WhiteElo "2776"]
[BlackElo "2776"]
[EventDate "2022.05.17"]

1. d4 Nf6 2. c4 g6 3. Nc3 Bg7 4. e4 d6 5. Nf3 O-O 6. Be2 e5 7. O-O Na6 8.
Be3 c6 9. d5 Ng4 10. Bg5 f6 11. Bd2 f5 12. a3 f4 13. dxc6 bxc6 14. b4 Nc7
15. Rc1 Kh8 16. Rc2 Nh6 17. Bc1 Nf7 18. Rd2 Qe7 19. Qa4 Bd7 20. Rfd1 Rfd8
21. Qa5 Ne6 22. a4 g5 23. h3 h5 24. Nh2 Nd4 25. Bxh5 Nb3 26. Qa6 Rdb8 27.
Rb2 Rxb4 28. c5 Nxc5 29. Qe2 a5 30. Bg6 Nh6 31. Qh5 Nb3 32. Rb1 Nd4 33. Ba3
Rc4 34. Ne2 Rxa4 35. Nxd4 exd4 36. Bb2 c5 37. Nf3 g4 38. Ng5 Rf8 39. Nh7
gxh3 40. Nxf8 Bg4 41. Qd5 Bxf8 42. Bxd4+ cxd4 43. Rb7 Qe6 44. Qg5 Qe5 45.
Qd8 Qg7 46. Rxg7 Kxg7 47. Rc1 d3 48. Be8 Nf7 49. Qc7 1-0

[Event "Superbet Varsavia Rapid 2022"]
[Site "Varsavia"]
[Date "21.05.2022"]
[Round "8R"]
[White "Anand, V"]
[Black "Caruana, F"]
[Result "1/2-1/2"]
[WhiteElo "2751"]
[BlackElo "2786"]
[EventDate "2022.05.17"]

1. e4 e5 2. Nf3 Nf6 3. Nxe5 d6 4. Nf3 Nxe4 5. d4 d5 6. Bd3 Bf5 7. O-O Be7
8. Re1 O-O 9. Nbd2 Nd6 10. Nf1 c6 11. Bf4 Bxd3 12. Qxd3 Na6 13. Re2 Nc7 14.
Rae1 Ne6 15. Bxd6 Bxd6 16. g3 Qd7 17. Ne3 Rae8 18. Nf5 Bc7 19. c3 g6 20.
N5h4 f6 21. Nxg6 hxg6 22. Rxe6 Rxe6 23. Qxg6+ Kh8 24. Qh6+ Kg8 25. Qg6+ Kh8
26. Qh6+ Kg8 27. Qg6+ 1/2-1/2

[Event "Superbet Varsavia Rapid 2022"]
[Site "Varsavia"]
[Date "21.05.2022"]
[Round "8R"]
[White "Shevchenko, K"]
[Black "Gavrilescu, D"]
[Result "1-0"]
[WhiteElo "2644"]
[BlackElo "2518"]
[EventDate "2022.05.17"]

1. Nf3 d5 2. g3 Nf6 3. Bg2 e6 4. O-O Be7 5. d3 O-O 6. Nbd2 c5 7. e4 Nc6 8.
Re1 Qc7 9. e5 Nd7 10. Qe2 b5 11. Nf1 Bb7 12. h4 Rfc8 13. Bf4 a5 14. N1h2 h6
15. Ng4 Bf8 16. Qd2 Qd8 17. Rad1 b4 18. c4 bxc3 19. bxc3 a4 20. c4 Ne7 21.
h5 Rcb8 22. Re2 a3 23. Qc1 Bc6 24. Ngh2 Rb4 25. g4 Nb6 26. g5 dxc4 27. d4
Rb2 28. Rxb2 axb2 29. Qxb2 Nbd5 30. Qc1 Rxa2 31. gxh6 gxh6 32. Ng4 Nf5 33.
Bxh6 Ba4 34. Bg5 Qa5 35. Re1 Rc2 36. Qa1 cxd4 37. Nf6+ Nxf6 38. Bxf6 d3 39.
Re4 d2 40. Rg4+ Bg7 41. Kh2 Rc1 42. Rxg7+ Nxg7 43. Qd4 Nf5 44. Qg4+ Kf8 45.
h6 Nxh6 46. Qg7+ Ke8 47. Nxd2 Kd7 48. Qxh6 Bc6 49. Ne4 Qe1 50. Qf8 Bxe4 51.
Qd8+ Kc6 52. Bxe4+ Kb5 53. Qb8+ Ka4 54. Qa7+ Kb3 55. Qb7+ Qb4 56. Qxf7 c3
57. Qxe6+ Kb2 58. Qf5 Re1 59. Bd3 Qb7 60. e6 Qh1+ 61. Kg3 Qg1+ 62. Kf3 Qh1+
63. Kg3 Qg1+ 64. Kh3 Qh1+ 65. Kg4 Qg2+ 66. Kh5 Rh1+ 67. Bh4 Qb7 68. Be4
Rxh4+ 69. Kxh4 Qe7+ 70. Kg4 Qg7+ 71. Kf3 1-0

[Event "Superbet Varsavia Rapid 2022"]
[Site "Varsavia"]
[Date "21.05.2022"]
[Round "8R"]
[White "Aronian, L"]
[Black "Duda, J"]
[Result "0-1"]
[WhiteElo "2765"]
[BlackElo "2750"]
[EventDate "2022.05.17"]

1. e4 e5 2. Bc4 Nf6 3. d3 Nc6 4. Nc3 Bb4 5. Nf3 d6 6. O-O Na5 7. Bb3 Nxb3
8. axb3 O-O 9. Bg5 c6 10. Kh1 Re8 11. h3 b5 12. Ne2 h6 13. Bh4 d5 14. d4
exd4 15. Nfxd4 Rxe4 16. Nxc6 Qd6 17. Bxf6 Qxc6 18. Bd4 a5 19. Qd3 Bf8 20.
Ng3 Re8 21. Rfe1 a4 22. Rxe8 Qxe8 23. b4 Ra6 24. c3 Re6 25. Kg1 Bd6 26. Kf1
Bxg3 27. fxg3 Re4 28. Qf3 f6 29. Rd1 Be6 30. g4 Bf7 31. Qf2 Bg6 32. Rd2 Re6
33. Qg3 Kh7 34. Bf2 Qc6 35. Kg1 Qc4 36. Qf3 d4 37. Rxd4 Qe2 38. Qd5 Re5 39.
Rd2 Rxd5 40. Rxe2 Rd1+ 41. Kh2 Bd3 42. Re7 Bc4 43. Bd4 Kg8 44. h4 Rd2 45.
g5 hxg5 46. hxg5 fxg5 47. Rxg7+ Kf8 48. Ra7 Rxb2 49. Kg3 Ke8 50. Bf6 Bd5
51. Bxg5 Rxg2+ 52. Kf4 Re2 53. Bf6 Bc4 54. Kf5 Rf2+ 55. Ke5 Rf3 56. Bg5 Rf1
57. Re7+ Kf8 58. Ra7 Ra1 59. Kf6 Ke8 60. Re7+ Kd8 61. Ke5 Rd1 62. Ra7+ Kc8
63. Be7 Rd5+ 64. Ke4 Kb8 65. Ra5 Rd3 66. Bc5 Rxc3 67. Ba7+ Kb7 68. Bd4 Rh3
69. Ra7+ Kc6 70. Ra6+ Kb7 71. Ra7+ Kb8 72. Rg7 a3 73. Be5+ Ka8 74. Rg3 Rh4+
75. Kf5 a2 76. Kf6 Rh6+ 77. Kg5 Rh1 78. Ra3+ Kb7 79. Kf6 Kc6 80. Kf5 Kd5
81. Bf6 Rf1+ 82. Kg5 Rxf6 83. Kxf6 Bb3 0-1

[Event "Superbet Varsavia Rapid 2022"]
[Site "Varsavia"]
[Date "21.05.2022"]
[Round "9R"]
[White "Duda, J"]
[Black "Korobov, A"]
[Result "1-0"]
[WhiteElo "2750"]
[BlackElo "2671"]
[EventDate "2022.05.17"]

1. d4 Nf6 2. c4 g6 3. Nc3 Bg7 4. e4 d6 5. h3 O-O 6. Be3 e5 7. d5 a5 8. g4
Na6 9. Nf3 Nc5 10. Nd2 c6 11. Be2 a4 12. g5 Ne8 13. h4 f5 14. h5 a3 15. h6
Bh8 16. Rb1 Nxe4 17. Ndxe4 fxe4 18. b4 Rf4 19. c5 Qxg5 20. dxc6 bxc6 21.
cxd6 Bd7 22. b5 Qg2 23. Qb3+ Rf7 24. Kd2 Nxd6 25. Rbg1 Qxh1 26. Rxh1 1-0

[Event "Superbet Varsavia Rapid 2022"]
[Site "Varsavia"]
[Date "21.05.2022"]
[Round "9R"]
[White "Gavrilescu, D"]
[Black "Aronian, L"]
[Result "0-1"]
[WhiteElo "2518"]
[BlackElo "2765"]
[EventDate "2022.05.17"]

1. e4 e5 2. Nf3 Nc6 3. d4 exd4 4. Nxd4 Nf6 5. Nxc6 bxc6 6. Bd3 d6 7. Nc3
Be7 8. O-O O-O 9. f4 a5 10. a4 Re8 11. Kh1 Bf8 12. Be3 Ba6 13. Bxa6 Rxa6
14. Qd3 Ra8 15. Rae1 c5 16. Bf2 c6 17. Bh4 Be7 18. e5 dxe5 19. Qxd8 Bxd8
20. Rxe5 Rxe5 21. fxe5 Ng4 22. Bf2 Nxf2+ 23. Rxf2 Rb8 24. b3 c4 25. bxc4
Bc7 26. Re2 Kf8 27. e6 f6 28. g3 Ke7 29. Rd2 Rd8 30. Re2 f5 31. Kg2 Rd4 32.
c5 Rc4 33. Re3 Rxc5 34. Kf3 Rc4 35. Ne2 g6 36. c3 Bb6 37. Rd3 Kxe6 38. Rd1
Rxa4 39. Nf4+ Ke7 40. Re1+ Kd7 41. Rd1+ Kc8 42. Rb1 Bc7 43. Ne2 Be5 44. Ke3
h5 45. Rb6 Kc7 46. Rb1 h4 47. gxh4 Rxh4 48. Rg1 Rh3+ 49. Kd2 f4 50. Rxg6
Rxh2 0-1

[Event "Superbet Varsavia Rapid 2022"]
[Site "Varsavia"]
[Date "21.05.2022"]
[Round "9R"]
[White "Caruana, F"]
[Black "Shevchenko, K"]
[Result "1/2-1/2"]
[WhiteElo "2786"]
[BlackElo "2644"]
[EventDate "2022.05.17"]

1. d4 Nf6 2. c4 c6 3. Nf3 d5 4. e3 Bf5 5. Nc3 a6 6. a4 e6 7. a5 c5 8. cxd5
exd5 9. Ne5 Nc6 10. Be2 Qc7 11. Nxc6 bxc6 12. O-O Bd6 13. h3 O-O 14. dxc5
Bxc5 15. Bd2 Qe5 16. Na4 Bd6 17. f4 Qe7 18. Rf3 Be4 19. Rg3 c5 20. Nb6 Ra7
21. Bf3 Rd8 22. Qe2 Bc7 23. Re1 Bxf3 24. gxf3 Qe6 25. e4 Nh5 26. Rg4 f5 27.
exf5 Qxf5 28. Rg5 Qf7 29. Qe6 Qxe6 30. Rxe6 Bxf4 31. Rxh5 Bxd2 32. Nxd5
Bxa5 33. Rf5 Rf8 34. Rxf8+ Kxf8 35. Kg2 c4 36. Kg3 Rd7 37. Re5 Kf7 38. f4
Bd8 39. Kf3 Rb7 40. Ne3 Bf6 41. Ra5 Rb3 42. Ke4 Rb4 43. Kf3 Rb3 44. Ke4 Rb4
45. Kf3 Bd4 46. Nf5 Rb3+ 47. Ke4 Bxb2 48. Nd6+ Ke7 49. Nxc4 Bf6 50. Ne3
Rb4+ 51. Kf3 Rb3 52. Ke4 Rb4+ 53. Kf3 Rb3 1/2-1/2

[Event "Superbet Varsavia Rapid 2022"]
[Site "Varsavia"]
[Date "21.05.2022"]
[Round "9R"]
[White "Rapport, R"]
[Black "Anand, V"]
[Result "1-0"]
[WhiteElo "2776"]
[BlackElo "2751"]
[EventDate "2022.05.17"]

1. e4 e5 2. Nf3 Nf6 3. Nc3 Nc6 4. a4 d6 5. d4 exd4 6. Nxd4 Be7 7. Be2 O-O
8. O-O Re8 9. a5 Nb4 10. f4 c5 11. Nb3 Bf8 12. Bf3 d5 13. e5 Bf5 14. Rf2 d4
15. Na4 Nd7 16. Bxb7 Rb8 17. a6 d3 18. c4 Nb6 19. Na5 Nxa4 20. Qxa4 Bd7 21.
Qd1 Re6 22. Bd2 Nxa6 23. Bd5 Reb6 24. Bc3 Nb4 25. f5 Nxd5 26. cxd5 Bb5 27.
Qf3 c4 28. Kh1 f6 29. exf6 Rxf6 30. Nc6 Bxc6 31. dxc6 Rf7 32. Ra4 Rb5 33.
f6 Rc5 34. Qg4 h5 35. Qe6 Qd6 36. Qxf7+ 1-0

[Event "Superbet Varsavia Rapid 2022"]
[Site "Varsavia"]
[Date "21.05.2022"]
[Round "9R"]
[White "Wojtaszek, R"]
[Black "So, W"]
[Result "1/2-1/2"]
[WhiteElo "2696"]
[BlackElo "2776"]
[EventDate "2022.05.17"]

1. d4 Nf6 2. c4 e6 3. Nf3 d5 4. g3 Be7 5. Bg2 O-O 6. O-O dxc4 7. Qc2 a6 8.
a4 Bd7 9. Qxc4 Bc6 10. Bg5 Bd5 11. Qc2 Be4 12. Qc1 h6 13. Bxf6 Bxf6 14.
Nbd2 Bxf3 15. Nxf3 a5 16. Rd1 Na6 17. Qc4 c6 18. Rac1 Qb6 19. e3 Rfd8 20.
Nd2 Rd7 21. Qc3 Nb4 22. Nc4 Qc7 23. Qe1 Rad8 24. Be4 g6 25. Kg2 e5 26. dxe5
Bxe5 27. Rxd7 Rxd7 28. b3 Kg7 29. Rd1 Rxd1 30. Qxd1 b6 31. f4 Bf6 32. Qd6
Qxd6 33. Nxd6 Be7 34. Nc4 Bc5 35. Kf3 f5 36. Bb1 Nd5 37. e4 fxe4+ 38. Bxe4
Ne7 39. Ne5 Bd4 40. Nxc6 Nxc6 41. Bxc6 g5 42. Ke4 Bg1 43. fxg5 hxg5 44. h4
gxh4 45. gxh4 Kh6 46. Kf3 1/2-1/2

[Event "Superbet Varsavia Blitz 2022"]
[Site "Varsavia"]
[Date "22.05.2022"]
[Round "6B"]
[White "Gavrilescu, D"]
[Black "Rapport, R"]
[Result "0-1"]
[WhiteElo "2518"]
[BlackElo "2776"]
[EventDate "2022.05.17"]

1. e4 c5 2. Nf3 d6 3. Bb5+ Nd7 4. d4 cxd4 5. Qxd4 Ngf6 6. O-O a6 7. Be2 Qc7
8. c4 e6 9. Nc3 Be7 10. b3 O-O 11. Bb2 b6 12. Rac1 Bb7 13. Rfd1 Rfe8 14. h3
Rac8 15. Qe3 Bf8 16. Bd3 Qb8 17. Re1 g6 18. e5 Bxf3 19. exf6 Ba8 20. Ne4 e5
21. Qg5 h6 22. Qh4 Re6 23. f4 exf4 24. Qxf4 Rce8 25. Bc3 Ne5 26. Bb1 d5 27.
cxd5 Bxd5 28. Kh1 Qb7 29. Re2 Nd7 30. Rce1 Qc6 31. Bd4 Nc5 32. Bxc5 bxc5
33. Qg4 Re5 34. h4 c4 35. bxc4 Qxc4 36. Qf3 Qb4 37. a3 Qxa3 38. Qxa3 Bxa3
39. Nc3 Rxe2 40. Rxe2 Rxe2 41. Nxe2 Bb2 42. Nf4 Bb3 43. Be4 a5 44. h5 gxh5
45. Nd3 Bxf6 46. Bc6 Bd4 0-1

[Event "Superbet Varsavia Blitz 2022"]
[Site "Varsavia"]
[Date "23.05.2022"]
[Round "13B"]
[White "So, W"]
[Black "Gavrilescu, D"]
[Result "1-0"]
[WhiteElo "2776"]
[BlackElo "2518"]
[EventDate "2022.05.17"]

1. c4 e6 2. Nc3 d5 3. d4 Nf6 4. cxd5 exd5 5. Bg5 Bb4 6. e3 h6 7. Bh4 g5 8.
Bg3 Ne4 9. Nge2 h5 10. h4 Nxg3 11. Nxg3 gxh4 12. Nxh5 Qg5 13. Nf4 c6 14.
Qa4 Bxc3+ 15. bxc3 Bf5 16. Qb4 b6 17. c4 dxc4 18. Qxc4 Rh6 19. Be2 Be4 20.
Bf3 Bxf3 21. gxf3 Nd7 22. Ke2 Qf5 23. a4 Kf8 24. Rag1 Re8 25. Rg4 h3 26.
Rxh3 Rxh3 27. Nxh3 c5 28. Rf4 Qe6 29. dxc5 Qxc4+ 30. Rxc4 Nxc5 31. Ng5 Ke7
32. Ne4 Ne6 33. f4 f5 34. Ng3 Kf6 35. Rc6 Rd8 36. e4 Kf7 37. Nxf5 Nxf4+ 38.
Ke3 Ne6 39. Nd6+ Ke7 40. Nf5+ Kf7 41. Nd6+ Ke7 42. Nb5 Rd7 43. Nc3 Nc5 44.
Nd5+ Kf7 45. a5 Ne6 46. axb6 axb6 47. Rxb6 Ra7 48. Rc6 Ra3+ 49. Rc3 Ra4 50.
f4 Ra5 51. f5 Nc5 52. Kf4 Nd7 53. Rc7 Ke8 54. Rc8+ Kf7 55. Rd8 Nc5 56. Rc8
Nd3+ 57. Ke3 Ne5 58. Rc7+ Kf8 59. Kf4 Nf7 60. f6 Nd6 61. Ke5 Nf7+ 62. Ke6
Ng5+ 63. Kf5 Nf7 64. Rc8+ 1-0